00318nam a2200121Ia 4500008004100000041001200041082001100053100001600064245008400080260000600164650000600170700002000176221030s9999 xx 000 0 und d aEnglish a105.23 aA. R. Verma 0aCrystallography Applied to Solid State Physicscby A. R. Verma, O.N. Srivastava c0 aB aO.N. Srivastava